|
|
|
|
| LEADER |
00000cam a2200000 a 4500 |
| 001 |
vtls008393140 |
| 003 |
SK-MaSNL |
| 005 |
20260301181318.0 |
| 008 |
200228s1938 xo f f 000 0 ger |
| 015 |
|
|
|a SNBA19191938-003511
|
| 020 |
|
|
|q (viazané)
|
| 035 |
|
|
|a SK01SNKBIKKM20010085357
|
| 035 |
|
|
|a urn:nbn:sk:snk-am3hzud
|
| 035 |
|
|
|a AE159AE3-41D6-4FD7-9FB5-67CFBD744357
|
| 035 |
|
|
|a urn:nbn:sk:snk-am00deuu
|
| 035 |
|
|
|a SKM000087820
|
| 040 |
|
|
|a SNK
|b slo
|c SNK
|e AACR2
|
| 041 |
0 |
|
|a ger
|
| 043 |
|
|
|a e-au---
|
| 044 |
|
|
|a xo
|c SK
|
| 072 |
|
7 |
|a 323
|x Vnútropolitický vývoj, politický život
|2 konspekt
|
| 080 |
|
|
|a 323.1
|2 2011
|
| 080 |
|
|
|a (436)
|2 2011
|
| 080 |
|
|
|a (035)
|2 2011
|
| 100 |
1 |
|
|a Purkyně, Jan Evangelista,
|d 1787-1869
|4 aut
|9 215514
|
| 245 |
1 |
0 |
|a Austria polyglotta
|c von Johann Purkyně
|
| 260 |
|
|
|a Bratislava
|b Vladimír Klecanda
|c 1938
|
| 300 |
|
|
|a 72 strán
|c 23 cm
|
| 366 |
|
|
|e 500 číslovaných a 300 nečíslovaných exemplárov
|
| 500 |
|
|
|a Na titulnom liste z pôvodného vydania r. 1867 v Prahe
|
| 500 |
|
|
|a Čiastočne text v českom jazyku
|
| 500 |
|
|
|a Obsahuje poznámku vydavateľa ku kapitole "Populationszahlen der Einzelnen österreichischen Nationen" (str.10) na strane 65-66 ; vysvetlivky
|
| 650 |
0 |
7 |
|a etnické vzťahy
|2 SNKPH
|9 3862
|
| 651 |
|
7 |
|a Rakúsko
|2 SNKPHgeo
|9 18533
|
| 655 |
|
7 |
|a príručky
|2 SNKPH
|9 74364
|
| 700 |
1 |
|
|a Klecanda, Vladimír,
|d 1888-1946
|4 pbl
|4 aui
|9 115389
|
| 958 |
|
|
|a RK
|
| 958 |
|
|
|a TL
|
| 958 |
|
|
|a DE
|
| 958 |
|
|
|a SP
|
| 958 |
|
|
|a ONDV
|
| 999 |
|
|
|c 849527
|d 851457
|
| 952 |
|
|
|a SNK
|b SNK
|y PREZ
|7 0
|p 17A0797093
|o snkSC 8715
|i snkKSF 3288
|0 0
|1 0
|4 0
|d 2019-08-21
|f 1
|l 0
|r 2025-07-09 00:00:00
|w 2026-02-24
|